000 00719nam a2200193 4500
008 160201b xxu||||| |||| 00| 0 eng d
020 _a 9781285096926
082 _22014
_aDK12 005.307
_bP267
100 _92379
_aParsons, June Jamrich
245 _aNew perspectives on computer concepts 2014:
_bcomprehensive/
_cJune Jamrich Parsons and Dan Oja.
260 _aBoston, MA :
_bCourse Technology, Cengage Learning,
_c©2014.
300 _axxiv, 43, 811 pages :
_bcolor illustrations ;
_c28 cm.
500 _aIncludes glossary and index.
650 0 _92339
_aComputer software
_xStudy and teaching
650 0 _92344
_aComputer science
650 0 _92341
_aComputer
700 _92380
_aOja, Dan, jt.au.
942 _2ddc
_cBK
999 _c851
_d851